[Event "Mittelfranken Landesliga Sued 2223"]
[Site "Mittelfranken"]
[Date "2023.02.05"]
[Round "6.5"]
[White "Ebenhoech, Daniel"]
[Black "Tebelmann, Lars"]
[Result "0-1"]
[WhiteElo "2019"]
[BlackElo "2045"]
[PlyCount "78"]
[EventDate "2022.10.09"]
[EventType "team-tourn"]
[EventRounds "9"]
[EventCountry "GER"]
[SourceTitle "EXT 2024"]
[Source "ChessBase"]
[SourceDate "2023.10.10"]
[SourceVersion "1"]
[SourceVersionDate "2023.10.10"]
[SourceQuality "1"]
[WhiteTeam "Neuburg"]
[BlackTeam "Muenchen Zugzwang II"]
[WhiteTeamCountry "GER"]
[BlackTeamCountry "GER"]

1. e4 e6 2. d4 d5 3. exd5 exd5 4. Bd3 Nf6 5. Bf4 c5 6. Nf3 c4 7. Be2 Be7 8. Ne5 0-0 9. 0-0 b5 10. a4 b4 11. Nd2 Qb6 12. Bg3 Nc6 13. Nxc6 Qxc6 14. Re1 Bd6 15. Be5 Bxe5 16. dxe5 Ne4 17. Nxe4 dxe4 18. Qd4 Be6 19. Bf1 Bd5 20. Rad1 Rad8 21. Qxa7 Rd7 22. Qa5 Rb8 23. Rd4 h5 24. Red1 Be6 25. Rxd7 Bxd7 26. Qa7 Rb7 27. Qa8+ Kh7 28. Bxc4 Be6 29. Bxe6 Rd7 30. Rxd7 Qxa8 31. Bxf7 Qxa4 32. Rd1 Qxc2 33. Re1 Qxb2 34. e6 Qe5 35. f4 Qxf4 36. Bxh5 Qe5 37. Bf7 e3 38. Rb1 e2 39. Re1 Qe3+ 0-1

[Event "Mittelfranken Landesliga Sued 2223"]
[Site "Mittelfranken"]
[Date "2022.11.27"]
[Round "3.4"]
[White "Ebenhoech, Daniel"]
[Black "Ciaffone, Daniel"]
[Result "1/2-1/2"]
[WhiteElo "2019"]
[BlackElo "2111"]
[PlyCount "46"]
[EventDate "2022.10.09"]
[EventType "team-tourn"]
[EventRounds "9"]
[EventCountry "GER"]
[SourceTitle "EXT 2024"]
[Source "ChessBase"]
[SourceDate "2023.10.10"]
[SourceVersion "1"]
[SourceVersionDate "2023.10.10"]
[SourceQuality "1"]
[WhiteTeam "Neuburg"]
[BlackTeam "Bayern Muenchen III"]
[WhiteTeamCountry "GER"]
[BlackTeamCountry "GER"]

1. d4 d5 2. Nf3 e6 3. g3 c5 4. Bg2 Nc6 5. 0-0 Nf6 6. c4 Be7 7. cxd5 exd5 8. Nc3 0-0 9. dxc5 Bxc5 10. a3 Ne4 11. Qc2 Nxc3 12. Qxc3 Qe7 13. b4 Bb6 14. Bb2 d4 15. Qd2 Rd8 16. Rac1 Be6 17. Qd3 Bd5 18. Rfd1 Be4 19. Qb3 Rd7 20. Rd2 Rad8 21. Rcd1 Bd5 22. Qd3 Be4 23. Qb3 Bd5 1/2-1/2

[Event "Mittelfranken Landesliga Sued 2223"]
[Site "Mittelfranken"]
[Date "2022.10.23"]
[Round "2.5"]
[White "Ebenhoech, Daniel"]
[Black "Tuchenhagen, Axel"]
[Result "0-1"]
[WhiteElo "2019"]
[BlackElo "1996"]
[PlyCount "72"]
[EventDate "2022.10.09"]
[EventType "team-tourn"]
[EventRounds "9"]
[EventCountry "GER"]
[SourceTitle "EXT 2024"]
[Source "ChessBase"]
[SourceDate "2023.10.10"]
[SourceVersion "1"]
[SourceVersionDate "2023.10.10"]
[SourceQuality "1"]
[WhiteTeam "Neuburg"]
[BlackTeam "Starnberg"]
[WhiteTeamCountry "GER"]
[BlackTeamCountry "GER"]

1. d4 Nf6 2. Nf3 a6 3. g3 b5 4. Bg2 Bb7 5. 0-0 d6 6. a4 Nbd7 7. Re1 c5 8. e4 e6 9. d5 e5 10. Nfd2 Be7 11. Nc3 b4 12. Ne2 a5 13. c4 h5 14. f4 h4 15. b3 hxg3 16. hxg3 Ng4 17. Nf3 exf4 18. gxf4 Bh4 19. Rf1 Qf6 20. e5 dxe5 21. Ng5 e4 22. Nxe4 Qxa1 23. Nd6+ Kf8 24. Nxb7 Qf6 25. f5 Bf2+ 26. Rxf2 Nxf2 27. Kxf2 Qxf5+ 28. Kg1 Qh5 29. Qc2 Re8 30. Ng3 Qh2+ 31. Kf2 Ne5 32. Nxc5 Ng4+ 33. Kf3 Rh3 34. Bf4 Re3+ 35. Kxg4 Rhxg3+ 36. Bxg3 Qxg3+ 0-1

[Event "Mittelfrank Regionalliga Sud-Ost 2122"]
[Site "Mittelfranken"]
[Date "2022.04.03"]
[Round "7.3"]
[White "Ebenhoech, Daniel"]
[Black "Gruettner, Ralf"]
[Result "0-1"]
[WhiteElo "2068"]
[BlackElo "2059"]
[PlyCount "90"]
[EventDate "2021.10.24"]
[EventType "team-tourn"]
[EventRounds "9"]
[EventCountry "GER"]
[SourceTitle "EXT 2024"]
[Source "ChessBase"]
[SourceDate "2023.10.10"]
[SourceVersion "1"]
[SourceVersionDate "2023.10.10"]
[SourceQuality "1"]
[WhiteTeam "Neuburg"]
[BlackTeam "Freising"]
[WhiteTeamCountry "GER"]
[BlackTeamCountry "GER"]

1. c4 e5 2. g3 Nf6 3. Bg2 Bc5 4. Nc3 0-0 5. e3 Re8 6. Nf3 Bf8 7. 0-0 c6 8. d4 e4 9. Nd2 d5 10. f3 exf3 11. Qxf3 Be6 12. cxd5 cxd5 13. Qd1 Nc6 14. Nf3 h6 15. Bd2 Rc8 16. Rc1 Bd6 17. Ne1 Bb8 18. Nd3 b6 19. b4 a5 20. b5 Ne7 21. Nf4 Bxf4 22. Rxf4 Ng6 23. Rf1 Qd7 24. Qb3 Ne7 25. Rf4 Ng6 26. Rff1 Ne7 27. a3 Bh3 28. Rf2 Bxg2 29. Kxg2 Nf5 30. Rf3 Ne4 31. Nxe4 dxe4 32. Rff1 Nd6 33. Qd5 Rxc1 34. Bxc1 Rc8 35. Kg1 Qe6 36. Qxe6 fxe6 37. a4 Rc3 38. Kf2 Rc2+ 39. Kg1 Ra2 40. Rf2 Rxa4 41. d5 exd5 42. Bb2 Ra2 43. Bd4 Rxf2 44. Kxf2 Nxb5 45. Bxb6 a4 0-1

[Event "Mittelfrank Regionalliga Sud-Ost 2122"]
[Site "Mittelfranken"]
[Date "2022.03.13"]
[Round "6.4"]
[White "Ebenhoech, Daniel"]
[Black "Seisenberger, Georg"]
[Result "1-0"]
[WhiteElo "2068"]
[BlackElo "1984"]
[PlyCount "137"]
[EventDate "2021.10.24"]
[EventType "team-tourn"]
[EventRounds "9"]
[EventCountry "GER"]
[SourceTitle "EXT 2024"]
[Source "ChessBase"]
[SourceDate "2023.10.10"]
[SourceVersion "1"]
[SourceVersionDate "2023.10.10"]
[SourceQuality "1"]
[WhiteTeam "Neuburg"]
[BlackTeam "Ilmmuenster"]
[WhiteTeamCountry "GER"]
[BlackTeamCountry "GER"]

1. c4 e5 2. g3 Nc6 3. Nc3 Bc5 4. Bg2 d6 5. e3 a6 6. Nf3 Ba7 7. h3 Nf6 8. 0-0 0-0 9. d4 Rb8 10. a4 exd4 11. exd4 Re8 12. Be3 h6 13. Rc1 Bf5 14. Kh2 Nb4 15. Qb3 c5 16. Rfd1 Nd3 17. Ra1 Qc7 18. Na2 cxd4 19. Nxd4 Nc5 20. Qa3 Be4 21. Nf3 Ra8 22. Nc3 Bc2 23. Nd5 Nxd5 24. Rxd5 Nb3 25. Re1 Bxe3 26. Rxe3 Rxe3 27. fxe3 Qxc4 28. Qxd6 Be4 29. Re5 Qc2 30. Ne1 Qe2 31. Rxe4 Qxe1 32. Rf4 Nd2 33. Qd5 Rf8 34. Qxb7 Qxe3 35. Qxa6 Kh7 36. Qb7 g5 37. Rxf7+ Rxf7 38. Qxf7+ Kh8 39. Qf6+ Kh7 40. Qf7+ Kh8 41. Qf8+ Kh7 42. Qf5+ Kg7 43. a5 Nb3 44. Qd7+ Kf6 45. Qd6+ Kg7 46. Qb6 Qxb6 47. axb6 Nc5 48. Bc6 Na6 49. b7 Kf6 50. Bb5 Nb8 51. Kg2 Ke5 52. Kf3 h5 53. Ke3 Kd5 54. Be8 h4 55. g4 Ke5 56. Bb5 Kd5 57. Kd3 Ke5 58. Kc4 Kd6 59. Kd4 Kc7 60. Ke5 Kxb7 61. Kf6 Kb6 62. Be8 Na6 63. Kxg5 Nc5 64. Kxh4 Kc7 65. Bg6 Kd6 66. Bf5 Ke5 67. Kg5 Nb7 68. h4 Nd6 69. Kg6 1-0

[Event "Regionalliga Sued-Ost 1819"]
[Site "Bayern"]
[Date "2019.04.07"]
[Round "9.4"]
[White "Ebenhoech, Daniel"]
[Black "Feierlein, Robert"]
[Result "0-1"]
[WhiteElo "2043"]
[BlackElo "2030"]
[PlyCount "60"]
[EventDate "2018.10.21"]
[EventType "team-tourn"]
[EventRounds "9"]
[EventCountry "GER"]
[SourceTitle "EXT 2022"]
[Source "ChessBase"]
[SourceDate "2021.10.06"]
[SourceVersion "1"]
[SourceVersionDate "2021.10.06"]
[SourceQuality "1"]
[WhiteTeam "Ingolstadt"]
[BlackTeam "Groebenzell II"]
[WhiteTeamCountry "GER"]
[BlackTeamCountry "GER"]

1. Nf3 d5 2. b3 c5 3. Bb2 Nc6 4. e3 Nf6 5. d4 e6 6. Be2 cxd4 7. exd4 Be7 8. 0-0 0-0 9. Nbd2 b6 10. Ne5 Bb7 11. f4 Rc8 12. a3 Ne4 13. Nxe4 dxe4 14. Nxc6 Bxc6 15. f5 exf5 16. Rxf5 g6 17. Rf1 Bd6 18. g3 Qg5 19. Qe1 Rfe8 20. Bc4 Rc7 21. Qf2 e3 22. Bxf7+ Kg7 23. d5+ Be5 24. Bxe5+ Rxe5 25. Qe2 Rxd5 26. Qc4 Rd2 27. Qc3+ Kh6 28. Rf4 Rg2+ 29. Kf1 Rf2+ 30. Rxf2 Bg2+ 0-1

[Event "Regionalliga Sued-Ost 1819"]
[Site "Bayern"]
[Date "2018.10.21"]
[Round "1.4"]
[White "Stoffel, Matthias"]
[Black "Ebenhoech, Daniel"]
[Result "0-1"]
[WhiteElo "1955"]
[BlackElo "2043"]
[PlyCount "96"]
[EventDate "2018.10.21"]
[EventType "team-tourn"]
[EventRounds "9"]
[EventCountry "GER"]
[SourceTitle "EXT 2022"]
[Source "ChessBase"]
[SourceDate "2021.10.06"]
[SourceVersion "1"]
[SourceVersionDate "2021.10.06"]
[SourceQuality "1"]
[WhiteTeam "Bruckmühl SK"]
[BlackTeam "Ingolstadt"]
[WhiteTeamCountry "GER"]
[BlackTeamCountry "GER"]

1. d4 Nf6 2. Nf3 d5 3. c4 c6 4. Nc3 dxc4 5. a4 Bg4 6. Ne5 Nbd7 7. Nxg4 Nxg4 8. e3 Ngf6 9. Bxc4 e6 10. 0-0 c5 11. d5 exd5 12. Nxd5 Bd6 13. f4 0-0 14. a5 Rb8 15. Nc3 Bc7 16. e4 Bxa5 17. e5 Bxc3 18. bxc3 Nb6 19. Bxf7+ Rxf7 20. exf6 Qxf6 21. Rxa7 Qxc3 22. Qe2 Qc4 23. Qf3 Qd5 24. Qg3 Nc4 25. f5 Qd4+ 26. Kh1 Rd8 27. h3 Qe5 28. Qb3 Qe4 29. Bg5 Qd3 30. Rb1 Qxb3 31. Rxb3 Rd1+ 32. Kh2 b6 33. Ra4 Rd4 34. f6 gxf6 35. Bh6 Rfd7 36. Rg3+ Kf7 37. Ra8 Ke6 38. Re8+ Kd5 39. Rf3 Nd6 40. Rb8 b5 41. Rxf6 Kc4 42. Bf8 b4 43. Bxd6 R7xd6 44. Rf7 h5 45. Rf1 Kb3 46. Rb5 R6d5 47. Rc1 Rc4 48. Rg1 Rd2 0-1

[Event "Landesliga Sued 1718"]
[Site "Bayern"]
[Date "2018.02.04"]
[Round "6.3"]
[White "Ebenhoech, Daniel"]
[Black "Lang, Zalan Andreas"]
[Result "0-1"]
[WhiteElo "2060"]
[BlackElo "2243"]
[PlyCount "98"]
[EventDate "2017.10.22"]
[EventType "team-tourn"]
[EventRounds "9"]
[EventCountry "GER"]
[SourceTitle "EXT 2022"]
[Source "ChessBase"]
[SourceDate "2021.10.06"]
[SourceVersion "1"]
[SourceVersionDate "2021.10.06"]
[SourceQuality "1"]
[WhiteTeam "Ingolstadt"]
[BlackTeam "Haunstetten TSV"]
[WhiteTeamCountry "GER"]
[BlackTeamCountry "GER"]

1. d4 Nf6 2. c4 c5 3. Nf3 cxd4 4. Nxd4 a6 5. Nc3 Qc7 6. e4 e6 7. Bd3 Bb4 8. 0-0 0-0 9. Qe2 d6 10. Nb3 Nc6 11. Bg5 Nd7 12. Rac1 Nce5 13. a3 Nxd3 14. Qxd3 Ne5 15. Qg3 Bxc3 16. Rxc3 f6 17. Be3 b6 18. a4 Bb7 19. a5 bxa5 20. c5 Rfc8 21. Rd1 dxc5 22. Nxc5 Rd8 23. Rdc1 Qe7 24. f4 Nf7 25. e5 f5 26. Nb3 Qb4 27. Nc5 Bd5 28. Nd3 Qb7 29. Rc7 Qb5 30. Bc5 Rac8 31. Bd6 Rxc7 32. Rxc7 Qb6+ 33. Kh1 Be4 34. Nc5 Qxb2 35. h3 Bd5 36. Nd7 Kh8 37. Nc5 Kg8 38. Nd7 Kh8 39. Bf8 g6 40. Be7 Re8 41. Nf6 Rb8 42. Nxd5 exd5 43. Qh4 Qd4 44. Bc5 Qa1+ 45. Kh2 g5 46. Qh5 Qf1 47. fxg5 Qf4+ 48. Kh1 Rb1+ 49. Bg1 Qf2 0-1

[Event "Landesliga Sued 1718"]
[Site "Bayern"]
[Date "2018.01.21"]
[Round "5.4"]
[White "Ebenhoech, Daniel"]
[Black "Pieper, Thomas"]
[Result "1/2-1/2"]
[WhiteElo "2060"]
[BlackElo "2225"]
[PlyCount "112"]
[EventDate "2017.10.22"]
[EventType "team-tourn"]
[EventRounds "9"]
[EventCountry "GER"]
[SourceTitle "EXT 2022"]
[Source "ChessBase"]
[SourceDate "2021.10.06"]
[SourceVersion "1"]
[SourceVersionDate "2021.10.06"]
[SourceQuality "1"]
[WhiteTeam "Ingolstadt"]
[BlackTeam "Groebenzell"]
[WhiteTeamCountry "GER"]
[BlackTeamCountry "GER"]

1. d4 d5 2. c4 dxc4 3. Nf3 Nf6 4. g3 c5 5. Bg2 Nc6 6. Qa4 cxd4 7. 0-0 Bd7 8. Qxc4 Qb6 9. Na3 Rc8 10. e3 e5 11. Qe2 d3 12. Qd1 Bxa3 13. bxa3 0-0 14. e4 Be6 15. Qxd3 Rfd8 16. Qb1 Qxb1 17. Rxb1 b6 18. Bb2 Nxe4 19. Nxe5 Nxe5 20. Bxe4 Nc4 21. Bb7 Rc7 22. Bg2 Bf5 23. Rbc1 Rcc8 24. Bb7 Rc5 25. Rfd1 Rxd1+ 26. Rxd1 h6 27. Bc1 Ra5 28. Rd5 Be6 29. Rxa5 Nxa5 30. Ba6 Bxa2 31. Bf4 Bc4 32. Bc8 Kf8 33. Bd6+ Ke8 34. Bf5 Bd5 35. Bd3 h5 36. Bb8 Kd7 37. Be5 g6 38. f4 Kc6 39. Bf6 Be6 40. Kf2 Nb3 41. Ke3 b5 42. h4 Bf5 43. Be2 a6 44. Bd1 Nc5 45. Bf3+ Kd6 46. Bg7 Ne6 47. Bc3 Kc5 48. Bb4+ Kb6 49. Bd5 a5 50. Be7 Kc7 51. Bxe6 Bxe6 52. Kd4 Kd7 53. Bf8 Kc6 54. Be7 Kd7 55. Bf8 Kc6 56. Be7 Kd7 1/2-1/2

[Event "Landesliga Sued 1718"]
[Site "Bayern"]
[Date "2017.11.26"]
[Round "3.3"]
[White "Eckerl, Uwe"]
[Black "Ebenhoech, Daniel"]
[Result "0-1"]
[WhiteElo "2103"]
[BlackElo "2060"]
[PlyCount "88"]
[EventDate "2017.10.22"]
[EventType "team-tourn"]
[EventRounds "9"]
[EventCountry "GER"]
[SourceTitle "EXT 2022"]
[Source "ChessBase"]
[SourceDate "2021.10.06"]
[SourceVersion "1"]
[SourceVersionDate "2021.10.06"]
[SourceQuality "1"]
[WhiteTeam "Roehrnbach"]
[BlackTeam "Ingolstadt"]
[WhiteTeamCountry "GER"]
[BlackTeamCountry "GER"]

1. e4 c5 2. Nf3 d6 3. d4 cxd4 4. Nxd4 Nf6 5. Nc3 a6 6. Bg5 e6 7. f4 Be7 8. Qd2 Qc7 9. 0-0-0 Nbd7 10. g4 b5 11. Bxf6 Nxf6 12. a3 Bb7 13. Bd3 d5 14. e5 Nd7 15. f5 Qxe5 16. fxe6 Bg5 17. exd7+ Kd8 18. Qxg5+ Qxg5+ 19. Kb1 Kxd7 20. h4 Qd8 21. Rhf1 Rf8 22. Nf5 g6 23. Nxd5 Bxd5 24. Be4 Kc7 25. Rxd5 gxf5 26. Rxd8 Raxd8 27. Bxf5 h6 28. h5 Rd6 29. Re1 Kd8 30. Re5 Re8 31. Rc5 Re1+ 32. Ka2 Ke7 33. a4 bxa4 34. Ra5 Rdd1 35. Rxa4 Ra1+ 36. Kb3 Rxa4 37. Kxa4 Ra1+ 38. Kb4 Kd6 39. c4 Kc7 40. g5 hxg5 41. h6 Rh1 42. h7 g4 43. Kc5 g3 44. Be4 Rxh7 0-1

[Event "Landesliga Sued 1718"]
[Site "Bayern"]
[Date "2017.11.12"]
[Round "2.4"]
[White "Schmidt, Gerhard3333"]
[Black "Ebenhoech, Daniel"]
[Result "1-0"]
[WhiteElo "2107"]
[BlackElo "2060"]
[PlyCount "65"]
[EventDate "2017.10.22"]
[EventType "team-tourn"]
[EventRounds "9"]
[EventCountry "GER"]
[SourceTitle "EXT 2022"]
[Source "ChessBase"]
[SourceDate "2021.10.06"]
[SourceVersion "1"]
[SourceVersionDate "2021.10.06"]
[SourceQuality "1"]
[WhiteTeam "Unterhaching"]
[BlackTeam "Ingolstadt"]
[WhiteTeamCountry "GER"]
[BlackTeamCountry "GER"]

1. d4 Nf6 2. Nf3 e6 3. c4 Bb4+ 4. Bd2 a5 5. e3 0-0 6. Bd3 Nc6 7. 0-0 Bxd2 8. Qxd2 d6 9. Nc3 e5 10. dxe5 dxe5 11. Rfd1 Bg4 12. Be2 Qe7 13. Nd5 Nxd5 14. cxd5 Rfd8 15. Qc3 Nb4 16. e4 b6 17. Rdc1 Bxf3 18. Qxf3 a4 19. Qc3 Rdc8 20. Bg4 Rd8 21. Qxc7 Qg5 22. Qc4 Qxg4 23. Qxb4 Rxd5 24. h3 Qf4 25. g3 Rd4 26. Qxd4 Qxc1+ 27. Rxc1 exd4 28. Kf1 a3 29. b3 d3 30. Ke1 g5 31. Kd2 Kg7 32. Rc6 Rd8 33. Rxb6 1-0

[Event "Regionalliga SO 1617"]
[Site "Bayern"]
[Date "2016.12.04"]
[Round "3.6"]
[White "Moser, Wolfgang"]
[Black "Ebenhoech, Daniel"]
[Result "1/2-1/2"]
[WhiteElo "1972"]
[BlackElo "2066"]
[PlyCount "119"]
[EventDate "2016.10.16"]
[EventType "team-tourn"]
[EventRounds "9"]
[EventCountry "GER"]
[SourceTitle "EXT 2019"]
[Source "ChessBase"]
[SourceDate "2018.10.10"]
[SourceVersion "1"]
[SourceVersionDate "2018.10.10"]
[SourceQuality "1"]
[WhiteTeam "Trostberg"]
[BlackTeam "Ingolstadt"]
[WhiteTeamCountry "GER"]
[BlackTeamCountry "GER"]

1. e4 c5 2. Nf3 e6 3. d4 cxd4 4. Nxd4 a6 5. c4 Qc7 6. Nc3 Nf6 7. Be3 Bb4 8. f3 0-0 9. Rc1 d5 10. cxd5 exd5 11. Bd3 dxe4 12. Bxe4 Nxe4 13. fxe4 Qe7 14. Qf3 Nd7 15. 0-0 Ne5 16. Qg3 Ng4 17. Nf5 Bxf5 18. Rxf5 Nxe3 19. Qxe3 Bxc3 20. Rxc3 Rae8 21. Rc4 Qe6 22. Qc3 b5 23. Rd4 Qxa2 24. Rf1 Qe6 25. Rfd1 Qe5 26. b4 g6 27. Qc6 Re6 28. Qd5 Rfe8 29. g3 Kg7 30. Kg2 Qxd5 31. exd5 Rd6 32. Rc1 Red8 33. Rc5 f5 34. Kf3 Kf6 35. Rd2 R8d7 36. h4 Ke5 37. Re2+ Kf6 38. Rd2 h6 39. Ra2 g5 40. Rc6 Ke5 41. Re2+ Kf6 42. Ra2 g4+ 43. Kf2 h5 44. Raxa6 Ke5 45. Ke3 Kxd5 46. Rc5+ Ke6 47. Rxd6+ Rxd6 48. Rxb5 Rd1 49. Kf4 Rf1+ 50. Kg5 Rf3 51. Rb6+ Ke5 52. Rf6 Rxg3 53. Rxf5+ Ke4 54. Rf1 Rb3 55. Kxh5 g3 56. Kg4 g2 57. Re1+ Kd3 58. Rg1 Rxb4+ 59. Kh3 Rb2 60. Rxg2 1/2-1/2

[Event "Regionalliga SO 1516"]
[Site "Bayern"]
[Date "2016.04.10"]
[Round "9.6"]
[White "Ebenhoech, Daniel"]
[Black "Gnegel, Boris Igor"]
[Result "1-0"]
[WhiteElo "2066"]
[BlackElo "1927"]
[PlyCount "83"]
[EventDate "2015.10.11"]
[EventType "team-tourn"]
[EventRounds "9"]
[EventCountry "GER"]
[SourceTitle "EXT 2018"]
[Source "ChessBase"]
[SourceDate "2017.10.13"]
[SourceVersion "1"]
[SourceVersionDate "2017.10.13"]
[SourceQuality "1"]
[WhiteTeam "Ingolstadt"]
[BlackTeam "Tegernsee"]
[WhiteTeamCountry "GER"]
[BlackTeamCountry "GER"]

1. d4 Nf6 2. c4 c5 3. e3 g6 4. Nc3 Bg7 5. Nf3 0-0 6. Be2 cxd4 7. exd4 d5 8. 0-0 Nc6 9. h3 h6 10. Re1 Be6 11. c5 Ne4 12. Bb5 Qa5 13. Bxc6 Nxc3 14. Bd2 Qc7 15. Bxc3 bxc6 16. Qa4 Rfc8 17. Re3 g5 18. Rae1 Bf6 19. Qc2 Kg7 20. Ne5 Rh8 21. Qa4 Rag8 22. Qa6 Bc8 23. Qa4 Kf8 24. Ba5 Qb7 25. Qxc6 h5 26. Qxb7 Bxb7 27. Nd7+ Kg7 28. Nxf6 Kxf6 29. Rxe7 Bc8 30. Rxa7 g4 31. h4 g3 32. f3 Re8 33. Kf1 Bf5 34. Ra6+ Kg7 35. Ra7 Bd3+ 36. Kg1 Ra8 37. Rxa8 Rxa8 38. b4 Kf6 39. Re3 Bc4 40. a3 Kf5 41. Bc7 Rc8 42. Bxg3 1-0

[Event "Regionalliga SO 1516"]
[Site "Bayern"]
[Date "2015.10.25"]
[Round "2.6"]
[White "Ebenhoech, Daniel"]
[Black "Soergel, Thomas"]
[Result "1/2-1/2"]
[WhiteElo "2066"]
[BlackElo "2009"]
[PlyCount "90"]
[EventDate "2015.10.11"]
[EventType "team-tourn"]
[EventRounds "9"]
[EventCountry "GER"]
[SourceTitle "EXT 2018"]
[Source "ChessBase"]
[SourceDate "2017.10.13"]
[SourceVersion "1"]
[SourceVersionDate "2017.10.13"]
[SourceQuality "1"]
[WhiteTeam "Ingolstadt"]
[BlackTeam "Graefelfing"]
[WhiteTeamCountry "GER"]
[BlackTeamCountry "GER"]

1. e4 e6 2. d4 d5 3. Nc3 Nf6 4. e5 Nfd7 5. f4 c5 6. Nf3 Nc6 7. Be3 cxd4 8. Nxd4 Nxd4 9. Bxd4 Be7 10. Qh5 0-0 11. 0-0-0 g6 12. Qh3 Bb4 13. Kb1 Bxc3 14. Bxc3 Nc5 15. Qe3 b6 16. h4 a5 17. h5 Ra7 18. Be1 Ba6 19. Bh4 Qc7 20. Bxa6 Rxa6 21. f5 exf5 22. Bf6 Ne6 23. Rxd5 f4 24. Qd3 Ra7 25. Rd6 Ng7 26. hxg6 fxg6 27. Qb3+ Kh8 28. Qh3 h5 29. Rhd1 Rf7 30. Rd8+ Kh7 31. Rc8 Rd7 32. Qxd7 Qxd7 33. Rxd7 Rxd7 34. c3 g5 35. Rc6 Kg6 36. Bxg7+ Kxg7 37. Kc2 Rd5 38. Rxb6 Rxe5 39. Kd2 g4 40. c4 f3 41. gxf3 gxf3 42. Rb3 Re2+ 43. Kd1 a4 44. Rxf3 Rxb2 45. Rc3 Kf6 1/2-1/2

[Event "Landesliga Sued 1415"]
[Site "Bayern"]
[Date "2015.02.22"]
[Round "7.5"]
[White "Knechtel, Roland"]
[Black "Ebenhoech, Daniel"]
[Result "1/2-1/2"]
[WhiteElo "2225"]
[BlackElo "2066"]
[PlyCount "118"]
[EventDate "2014.10.19"]
[EventType "team-tourn"]
[EventRounds "9"]
[EventCountry "GER"]
[SourceTitle "EXT 2018"]
[Source "ChessBase"]
[SourceDate "2017.10.13"]
[SourceVersion "1"]
[SourceVersionDate "2017.10.13"]
[SourceQuality "1"]
[WhiteTeam "Roehrnbach"]
[BlackTeam "Ingolstadt"]
[WhiteTeamCountry "GER"]
[BlackTeamCountry "GER"]

1. d4 Nf6 2. Nf3 g6 3. c4 Bg7 4. Nc3 d6 5. Bg5 0-0 6. e3 c5 7. Be2 Bf5 8. Qb3 Nbd7 9. 0-0 Qa5 10. Bh4 Rfe8 11. Rfd1 Rab8 12. h3 cxd4 13. Nxd4 a6 14. Nxf5 Qxf5 15. Nd5 Nc5 16. Qb4 Nxd5 17. Rxd5 Qc2 18. Rd2 Qe4 19. Bg3 b5 20. Rc1 bxc4 21. Qa3 Qb7 22. Rcc2 c3 23. bxc3 Ne4 24. Rd1 Qb6 25. Bf4 a5 26. Bf3 Nc5 27. e4 Rec8 28. Be3 Qb5 29. Rd5 Be5 30. g3 a4 31. Kg2 Qc4 32. Bxc5 Rxc5 33. Rxc5 dxc5 34. Qc1 Rd8 35. Kh2 Kg7 36. Bg2 Bc7 37. Qe3 Qd3 38. Qxd3 Rxd3 39. Bf1 Rd8 40. Bc4 e6 41. Rb2 Rb8 42. Rxb8 Bxb8 43. Bb5 a3 44. f4 h5 45. h4 Bc7 46. Bd3 Ba5 47. c4 Bc3 48. Kg2 e5 49. f5 Kf6 50. Kh3 Bd2 51. Bc2 Be3 52. g4 hxg4+ 53. Kxg4 Bc1 54. h5 gxh5+ 55. Kxh5 Bd2 56. Ba4 Be3 57. Bc6 Ke7 58. Kg4 f6 59. Kf3 Bd4 1/2-1/2

[Event "Landesliga Sued 1415"]
[Site "Bayern"]
[Date "2015.02.01"]
[Round "6.5"]
[White "Ebenhoech, Daniel"]
[Black "Wagner, Hans2222"]
[Result "0-1"]
[WhiteElo "2066"]
[BlackElo "2103"]
[PlyCount "61"]
[EventDate "2014.10.19"]
[EventType "team-tourn"]
[EventRounds "9"]
[EventCountry "GER"]
[SourceTitle "EXT 2018"]
[Source "ChessBase"]
[SourceDate "2017.10.13"]
[SourceVersion "1"]
[SourceVersionDate "2017.10.13"]
[SourceQuality "1"]
[WhiteTeam "Ingolstadt"]
[BlackTeam "Rottal"]
[WhiteTeamCountry "GER"]
[BlackTeamCountry "GER"]

1. e4 c5 2. f4 d5 3. exd5 Qxd5 4. Nc3 Qd8 5. Nf3 Nf6 6. Bc4 e6 7. 0-0 Be7 8. d3 0-0 9. Bd2 Nc6 10. a4 b6 11. Ne4 Nxe4 12. dxe4 Bb7 13. Rf2 Nd4 14. c3 Nxf3+ 15. Qxf3 Qd7 16. Qe2 Qc6 17. Re1 Bh4 18. g3 Bf6 19. Bb5 Qc7 20. e5 Be7 21. f5 exf5 22. Rxf5 a6 23. Bd3 Rad8 24. Ref1 Qc6 25. R5f3 Qxa4 26. Rf4 Qd7 27. Bc4 Qxd2 28. Qxd2 Rxd2 29. Rxf7 Rg2+ 30. Kh1 Rxf7 31. Ra1 0-1

[Event "Landesliga Sued 1415"]
[Site "Bayern"]
[Date "2014.11.23"]
[Round "3.6"]
[White "Ebenhoech, Daniel"]
[Black "Kalinin, Oleksandr"]
[Result "1-0"]
[WhiteElo "2066"]
[BlackElo "2009"]
[PlyCount "99"]
[EventDate "2014.10.19"]
[EventType "team-tourn"]
[EventRounds "9"]
[EventCountry "GER"]
[SourceTitle "EXT 2018"]
[Source "ChessBase"]
[SourceDate "2017.10.13"]
[SourceVersion "1"]
[SourceVersionDate "2017.10.13"]
[SourceQuality "1"]
[WhiteTeam "Ingolstadt"]
[BlackTeam "Muenchen 36"]
[WhiteTeamCountry "GER"]
[BlackTeamCountry "GER"]

1. e4 e6 2. d3 d5 3. Nd2 Nf6 4. Ngf3 c5 5. g3 Nc6 6. Bg2 Be7 7. 0-0 0-0 8. Re1 b6 9. e5 Nd7 10. Nf1 Bb7 11. h4 b5 12. N1h2 Re8 13. Bf4 h6 14. Ng4 Bf8 15. Qe2 d4 16. Nfh2 Rb8 17. Nxh6+ gxh6 18. Qg4+ Kh8 19. Qh5 Ncxe5 20. Bxe5+ Nxe5 21. Rxe5 Bxg2 22. Kxg2 f6 23. Re2 Kh7 24. Rxe6 Rxe6 25. Qf7+ Kh8 26. Qxe6 Qe7 27. Qf5 Rb6 28. Nf3 Re6 29. b4 Re2 30. bxc5 Qxc5 31. Qxc5 Bxc5 32. Rc1 Re6 33. Rb1 a6 34. Re1 Rc6 35. Re2 h5 36. Ng1 Bf8 37. Kf3 Rc3 38. Ke4 Ra3 39. Nf3 Rxa2 40. Nxd4 b4 41. f3 a5 42. Kd5 a4 43. Re8 Kg8 44. Ne6 Rxc2 45. Rxf8+ Kh7 46. Ra8 a3 47. Nd4 Rc3 48. Ra4 Kg6 49. Rxb4 Rxd3 50. Ra4 1-0

[Event "Landesliga Sued 1213"]
[Site "Bayern"]
[Date "2013.03.17"]
[Round "8.6"]
[White "Ebenhoech, Daniel"]
[Black "Albeker, Mark"]
[Result "0-1"]
[WhiteElo "2106"]
[BlackElo "2095"]
[PlyCount "96"]
[EventDate "2012.10.14"]
[EventType "team-tourn"]
[EventRounds "9"]
[EventCountry "GER"]
[SourceTitle "EXT 2015"]
[Source "ChessBase"]
[SourceDate "2014.11.20"]
[SourceVersion "1"]
[SourceVersionDate "2014.11.20"]
[SourceQuality "1"]
[WhiteTeam "Ingolstadt"]
[BlackTeam "Haunstetten"]
[WhiteTeamCountry "GER"]
[BlackTeamCountry "GER"]

1. d4 c5 2. d5 Nf6 3. c4 g6 4. Nc3 Bg7 5. e4 d6 6. Be2 e6 7. Nf3 exd5 8. cxd5 0-0 9. 0-0 Na6 10. Re1 Nc7 11. Nd2 Re8 12. Bf1 Rb8 13. a4 b6 14. Nc4 Ba6 15. h3 Bxc4 16. Bxc4 a6 17. Qd3 Qc8 18. Bf4 Rd8 19. e5 dxe5 20. Bxe5 Nfe8 21. Rad1 Bxe5 22. Rxe5 Nd6 23. Ne4 Nxe4 24. Qxe4 b5 25. Be2 Ne8 26. Qh4 c4 27. Qe7 Rb7 28. Qb4 Nd6 29. Bg4 Qc7 30. Rde1 bxa4 31. Qxa4 Rxb2 32. Qa3 Qb6 33. R1e3 Rb1+ 34. Kh2 Rb3 35. Qa4 Rxe3 36. Rxe3 Qb5 37. Qa1 Qxd5 38. Qxa6 Qc5 39. Qa3 Qc7 40. g3 h5 41. Be2 h4 42. Re5 hxg3+ 43. fxg3 Ne8 44. Rc5 Qe7 45. Bxc4 Rd2+ 46. Kg1 Qe1+ 47. Bf1 Qf2+ 48. Kh1 Qh2# 0-1